films anciens à reconnaitre 3 - Statistiques

Statistiques générales
  • Ce quiz a été pris 14 fois
  • Le résultat moyen est 6 sur 16
Statistiques - réponses
Par images Réponse % Correct
les valseuses
100%
l ete meurtrier
69%
le chat
54%
cartouche
46%
fanfan la tulipe
46%
la gifle
46%
le schpountz
46%
les choses de la vie
31%
la grande lessive
23%
le quart d heure americain
23%
ne nous fachons pas
23%
nuit d ivresse
23%
sur un arbre perche
23%
les grandes gueules
15%
asphalte
0%
erotissimo
0%
Aucun quiz correspondant
Distribution des résultats
% des personnes avec chaque résultat
Percentile par nombre de réponses
Votre historique - résultats
Vous n’avez pas pris ce quiz